Demisec /

محفوظ في:
التفاصيل البيبلوغرافية
المؤلف الرئيسي: Morgan (autor)
مؤلفون آخرون: Durán C., Andrés (ilustración) (ilustración)
التنسيق: كتاب
اللغة:الإسبانية
الموضوعات:
الوسوم: إضافة وسم
لا توجد وسوم, كن أول من يضع وسما على هذه التسجيلة!

MARC

LEADER 00000nam^a2200000^a^4500
001 000185887
005 20250521000000.0
009 20260310102205.781
020 |a 956-299-298-5 
037 |a Acervo ITESO - Biblioteca 
041 |a ESP 
082 |a 863.  |b MOR 
100 |a Morgan  |e (autor) 
245 1 0 |a Demisec /  |c Morgan ; il. de A. Durán C. 
264 |a Chile :  |b edición de autor,  |c 2004 
300 |a 138 p. 
336 |a texto  |b txt  |2 rdacontenido 
337 |a sin mediación  |b n  |2 rdamedio 
338 |a volumen  |b nc  |2 rdasoporte 
649 |a XX 
650 |a Cuentos Chilenos 
650 |a Historietas y Caricaturas de Aventuras y Policíacas 
650 |a Historietas y Caricaturas Chilenas 
650 |a Literatura Chilena -  |y Siglo XXI 
700 |a Durán C., Andrés  |e (ilustración) 
910 |a Fondo General 
920 |a Impresos - Libros 
930 |a Colección General 
940 |a Literatura 
905 |a 101 
901 |a 0500127084  |b IT1  |c LIT  |u 20250521 
902 |a https://opac.biblio.iteso.mx/vufind/Record/000185887